000
00281nam a22001217a 4500
020
_a
8185461740
082
_a
630
_b
STE/DI
245
_a
Dictionary of Agriculture
260
_a
New Delhi
_b
Universal Book Stall
_c
1996
300
_a
260
700
_a
Stephens,Alan
_9
881
942
_c
REF
999
_c
14507
_d
14507